Abkürzungen Rettungsfahrzeuge - Statistiken

Allgemein
  • Dieses Quiz wurde 278 mal gespielt
  • Das Durchschnittsergebnis liegt bei 9 aus 15
Antwortstatistiken
Hint Antwort % Korrekt
RTW Rettungswagen
95%
KTW Krankentransportwagen
77%
LF Löschfahrzeug
75%
TLF Tanklöschfahrzeug
69%
NEF Notarzteinsatzfahrzeug
67%
RTH Rettungshubschrauber
66%
DL Drehleiter
65%
ELW Einsatzleitwagen
63%
KdoW Kommandowagen
60%
RW Rüstwagen
56%
GW Gerätewagen
54%
DLK Drehleiter mit Korb
43%
AB Abrollbehälter
38%
HLF Hilfeleistungslöschgruppenfahrzeug
32%
VLF Vorauslöschfahrzeug
23%
Keine übereinstimmenden Quizze gefunden
Verteilung der Resultate
Anzahl Personen mit jedem Resultat
Perzentil nach korrekt beantworteten Fragen
Ihre Resultats-Entwicklung
Sie haben dieses Quiz noch nicht gespielt